El estatuto jurd̕ico del empleado pb︢lico en derecho romano

Detalles Bibliográficos
Autor principal: Varela Gil, Carlos
Formato: Desconocido
Lenguaje:español
Publicado: Madrid : Dykinson, 2007
Materias:
Acceso en línea:Acceso restringido

MARC

LEADER 00000ny a22000003n 4500
005 20110622123829.0
006 m u
007 cr cn|||||||||
008 200807r2007 sp |||||s|||||||||||spa d
020 |a 9788498491036 
035 |a 2452 
040 |a FlNmELB  |c FlNmELB  |d vlex 
050 1 4 |a JC88  |b V293 2007eb 
080 |a 35 
090 |c 1235  |d 1235 
100 1 |a Varela Gil, Carlos 
245 1 3 |a El estatuto jurd̕ico del empleado pb︢lico en derecho romano  |h [Recurso electrn̤ico]  |c Carlos Varela Gil 
256 |a Servicio en ln̕ea 
260 |a Madrid :  |b Dykinson,  |c 2007 
300 |a 12-437 p 
506 1 |a Contenido solo disponible en los productos indicados  |d vLex Global  |d vLex Global (Academic Edition, excluding Law Schools)  |d vLex Global (U.S. Academic Edition, Law Schools)  |d vLex Global (U.S. Academic Edition, excluding Law Schools)  |d vLex Global (Academic Edition, Law Schools) 
650 0 7 |a Historia del derecho  |2 Tesauro vLex 
650 0 7 |a Funcin̤ pb︢lica  |2 Tesauro vLex 
650 0 7 |a Administrativo  |2 Tesauro vLex 
650 0 7 |a Empleados pb︢licos  |2 Tesauro vLex 
650 0 7 |a Rǧimen estatutario  |2 Tesauro vLex 
650 0 7 |a Funcin̤ publica  |2 Tesauro vLex 
650 0 7 |a Fuentes del derecho Civil  |2 Tesauro vLex 
650 0 7 |a Historia del derecho  |2 Tesauro vLex 
740 0 |a vLex Libros (Servicios en ln̕ea) 
856 4 0 |z Acceso restringido  |u http://vlex.com/source/el-estatuto-jurico-empleado-publico-en-derecho-romano-2452 
942 |c BOOK